000 00590nam a22001577a 4500
999 _c15034
_d15034
008 200207b ||||| |||| 00| 0 eng d
020 _a9715502407
082 _21994
_aDFil 331.1109599
_bH88
245 _aHuman Resource Development:
_bThe Philippine experience : readings for the practitioner/
_cEdited by Carmela D. Ortigas.
250 _a2nd edition
260 _aQuezon City:
_bAteneo de Manila University Press,
_c ©1994.
300 _av, 170 pages:
_billustrations;
_c26 cm.
500 _aIncludes references
650 _aManpower planning -- Philippines.
_941702
942 _2ddc
_cDFIL